[Event "Cto de España"]
[Site "?"]
[Date "????.??.??"]
[Round "3.28"]
[White "Andrada Andrada, Luis Javier"]
[Black "Garcia Paolicchi, Raul"]
[Result "1/2-1/2"]
[WhiteElo "2296"]
[BlackElo "2273"]
[PlyCount "82"]
[SourceDate "2003.01.01"]

1. e4 c5 2. Nf3 e6 3. d4 cxd4 4. Nxd4 Qb6 5. Nb3 Qc7 6. Nc3 a6 7. Bd3 Nf6 8.
Qe2 d6 9. O-O Be7 10. Bd2 O-O 11. f4 Nc6 12. Rae1 b5 13. a3 Bb7 14. Kh1 b4 15.
axb4 Nxb4 16. Nb5 axb5 17. Bxb4 d5 18. Bxe7 Qxe7 19. exd5 Bxd5 20. Nd4 b4 21.
f5 Qc5 22. Qf2 e5 23. Nb5 Qxf2 24. Rxf2 e4 25. Bf1 Rac8 26. h3 Rfd8 27. Rd2 Bc6
28. Nd6 Rb8 29. Kg1 Bd5 30. Nc4 Bxc4 31. Rxd8+ Rxd8 32. Bxc4 g6 33. fxg6 hxg6
34. Kf2 Kg7 35. Ke3 Nd5+ 36. Bxd5 Rxd5 37. Kxe4 Rd2 38. c4 Rxb2 39. c5 Rxg2 40.
c6 Rc2 41. Kd5 f5 1/2-1/2

[Event "Cto de España"]
[Site "?"]
[Date "????.??.??"]
[Round "3.32"]
[White "Cramling, Pia"]
[Black "Montolio Benedicto, Cesar"]
[Result "1-0"]
[WhiteElo "2470"]
[BlackElo "2075"]
[PlyCount "55"]
[SourceDate "2003.01.01"]

1. d4 Nf6 2. Nf3 g6 3. c4 Bg7 4. Nc3 d6 5. e4 O-O 6. h3 e5 7. d5 Na6 8. Bg5 h6
9. Be3 Nd7 10. g4 f5 11. gxf5 gxf5 12. exf5 Ndc5 13. Rg1 Kh7 14. a3 Bxf5 15. b4
Nd7 16. Bd3 Bxd3 17. Qxd3+ Kh8 18. Qg6 Qf6 19. Nh4 Rf7 20. Qe4 Nf8 21. O-O-O
Nb8 22. Rg3 Nbd7 23. Rdg1 a6 24. Rf3 Qe7 25. Nf5 Qe8 26. Nxg7 Rxg7 27. Rxg7
Kxg7 28. Qh4 1-0

[Event "Cto de España"]
[Site "?"]
[Date "????.??.??"]
[Round "3.22"]
[White "Nijboer, Friso "]
[Black "Gil, Javier "]
[Result "1/2-1/2"]
[WhiteElo "2575"]
[BlackElo "2413"]
[PlyCount "76"]
[SourceDate "2003.01.01"]

1. e4 c6 2. d4 d5 3. e5 Bf5 4. Nf3 e6 5. Be2 Nd7 6. O-O Bg6 7. a3 Nh6 8. Nbd2
Nf5 9. b3 Be7 10. Bb2 f6 11. c4 fxe5 12. dxe5 O-O 13. b4 a5 14. Qb3 Qb6 15. c5
Qc7 16. Rae1 axb4 17. axb4 b6 18. g4 Nh4 19. Nxh4 Bxh4 20. Nf3 Be7 21. Nd4 Bf7
22. b5 Nxc5 23. Qe3 Na4 24. Ba1 c5 25. Nc6 Be8 26. Nxe7+ Qxe7 27. f4 Ra5 28.
Rb1 Bg6 29. Rbd1 Be4 30. f5 Raa8 31. Rf4 exf5 32. gxf5 Qg5+ 33. Qg3 Qxg3+ 34.
hxg3 Rxf5 35. Rxf5 Bxf5 36. Rxd5 Be6 37. Rd6 Kf7 38. Kf2 Ke7 1/2-1/2

[Event "Cto de España"]
[Site "?"]
[Date "????.??.??"]
[Round "3.23"]
[White "Ramo, Cristobal"]
[Black "Comas, Luis "]
[Result "1/2-1/2"]
[WhiteElo "2317"]
[BlackElo "2502"]
[PlyCount "67"]
[SourceDate "2003.01.01"]

1. Nf3 c5 2. e4 e6 3. d3 Nc6 4. g3 g6 5. Bg2 Bg7 6. O-O Nge7 7. Nbd2 d6 8. c3
O-O 9. a4 e5 10. Nh4 Kh8 11. f4 exf4 12. gxf4 f5 13. Ndf3 Rb8 14. Be3 b6 15.
Kh1 fxe4 16. dxe4 d5 17. Qc2 dxe4 18. Qxe4 Qd5 19. Ng5 Qxe4 20. Bxe4 Bf6 21.
Rae1 Ba6 22. Rg1 Bc4 23. Nhf3 Bd5 24. Rd1 Bxe4 25. Nxe4 Nf5 26. Bf2 Be7 27. Ne5
Nxe5 28. fxe5 Rbd8 29. a5 Kg7 30. axb6 axb6 31. b4 cxb4 32. cxb4 Bxb4 33. Bxb6
Rxd1 34. Rxd1 1/2-1/2

[Event "Cto de España"]
[Site "?"]
[Date "????.??.??"]
[Round "3.24"]
[White "del Rio, Salvador"]
[Black "Anglada, Jose "]
[Result "1-0"]
[WhiteElo "2480"]
[BlackElo "2209"]
[PlyCount "61"]
[SourceDate "2003.01.01"]

1. e4 g6 2. d4 Bg7 3. Nf3 c6 4. Nc3 d5 5. h3 dxe4 6. Nxe4 Nd7 7. Bc4 Nb6 8. Bb3
Nf6 9. Nc5 O-O 10. O-O Nbd7 11. Nd3 b6 12. Re1 Bb7 13. Qe2 e6 14. Bf4 Qe7 15.
Rad1 Rac8 16. Bh2 h6 17. c3 Rfd8 18. Nf4 Nd5 19. Nxd5 cxd5 20. Bc2 a6 21. h4 h5
22. Bf4 b5 23. a3 Bf6 24. Ng5 Kg7 25. Qd3 Rc6 26. Re3 Nf8 27. Rde1 Bc8 28. Rf3
Nh7 29. Be5 Rh8 30. Ree3 Bd7 31. Rxf6 1-0

[Event "Cto de España"]
[Site "?"]
[Date "????.??.??"]
[Round "3.25"]
[White " de la Riva, Oscar"]
[Black "Khamrakulov, Ibragim "]
[Result "0-1"]
[WhiteElo "2549"]
[BlackElo "2464"]
[PlyCount "72"]
[SourceDate "2003.01.01"]

1. e4 c5 2. Nf3 a6 3. c4 Nc6 4. d4 cxd4 5. Nxd4 e6 6. Nc3 Bb4 7. Nxc6 bxc6 8.
Qd4 Qf6 9. e5 Qe7 10. Bd2 f6 11. O-O-O fxe5 12. Qxe5 Nf6 13. g4 d5 14. Bg2 O-O
15. h3 Bd7 16. Rhe1 Bd6 17. Qe2 Qd8 18. f4 Qc7 19. Kb1 Kh8 20. Rf1 Rab8 21. Ka1
Ng8 22. Qe3 Qb7 23. Bc1 Qb4 24. Ne4 Be7 25. cxd5 cxd5 26. g5 Rfc8 27. Nc3 Bc5
28. Qe1 Bd4 29. Rf3 Ne7 30. a3 Qb6 31. Rfd3 Nf5 32. h4 Bc5 33. Qd2 d4 34. Ne4
Ba4 35. b4 Be7 36. Bb2 Rc2 0-1

[Event "Cto de España"]
[Site "?"]
[Date "????.??.??"]
[Round "3.14"]
[White "Rodriguez, Amador"]
[Black "De la Villa, Jesus"]
[Result "1/2-1/2"]
[WhiteElo "2482"]
[BlackElo "2477"]
[PlyCount "43"]
[SourceDate "2003.01.01"]

1. e4 c5 2. Nf3 Nf6 3. e5 Nd5 4. Nc3 e6 5. Nxd5 exd5 6. d4 Nc6 7. dxc5 Bxc5 8.
Qxd5 d6 9. Bc4 Be6 10. Qd3 Nb4 11. Qe2 Bxc4 12. Qxc4 Rc8 13. Qb5+ Qd7 14. Qxd7+
Kxd7 15. O-O Nxc2 16. Rb1 Nd4 17. Nxd4 Bxd4 18. exd6 Rhe8 19. Be3 Bxe3 20. fxe3
f6 21. Rbc1 Rxc1 22. Rxc1 1/2-1/2

[Event "Cto de España"]
[Site "?"]
[Date "????.??.??"]
[Round "3.16"]
[White "Gonzalez, Santiago"]
[Black "Navarro, Miguel"]
[Result "1-0"]
[WhiteElo "2365"]
[BlackElo "2337"]
[PlyCount "113"]
[SourceDate "2003.01.01"]

1. e4 Nf6 2. e5 Nd5 3. d4 d6 4. Nf3 g6 5. Bc4 dxe5 6. Nxe5 c6 7. Nd2 Bg7 8.
Ndf3 O-O 9. O-O Be6 10. Re1 Nd7 11. Ng5 Bf5 12. Ngxf7 Rxf7 13. Nxf7 Kxf7 14. g4
N7b6 15. Bxd5+ Qxd5 16. gxf5 Qxf5 17. Qe2 Bf6 18. Qe4 Qd7 19. c3 Nc4 20. Re2
Nd6 21. Qf3 Kg7 22. Bf4 Qf5 23. Kg2 Nf7 24. Rae1 Ng5 25. Bxg5 Qxg5+ 26. Qg3
Qd5+ 27. Qf3 Qg5+ 28. Qg3 Qd5+ 29. Kg1 Rf8 30. a3 h5 31. Qg2 Qf5 32. Qe4 Qg5+
33. Qg2 Qf5 34. Qe4 Qg5+ 35. Kh1 Qb5 36. Rg1 g5 37. h4 g4 38. f3 Qd5 39. fxg4
hxg4 40. Rxg4+ Kf7 41. Qxd5+ cxd5 42. h5 Rh8 43. Rh2 Rh6 44. Kg2 Ke6 45. Rg8
Kd7 46. Kf3 Kc6 47. Kf4 Kd7 48. Rh3 a6 49. a4 b5 50. a5 b4 51. Rb8 bxc3 52.
bxc3 e6 53. Rb7+ Kc8 54. Rb6 Bd8 55. Rxa6 e5+ 56. dxe5 Rxa6 57. h6 1-0

[Event "Cto España Primera"]
[Site "?"]
[Date "????.??.??"]
[Round "4.9"]
[White "Gaya Llodra, Juan"]
[Black "Tiviakov, Sergei"]
[Result "0-1"]
[WhiteElo "2246"]
[BlackElo "2601"]
[PlyCount "75"]
[SourceDate "2003.01.01"]

1. d4 Nf6 2. Nf3 e6 3. g3 b6 4. Bg2 Bb7 5. O-O Be7 6. c4 O-O 7. d5 Na6 8. Nd4
Nc5 9. Nc3 a5 10. e4 d6 11. f4 Nfd7 12. dxe6 fxe6 13. Bh3 e5 14. Ne6 Nxe6 15.
Bxe6+ Kh8 16. Bxd7 Qxd7 17. f5 Ba6 18. Qd3 c6 19. Be3 d5 20. exd5 b5 21. Qe4
Bb7 22. Rad1 bxc4 23. d6 Bxd6 24. Qxe5 Bxe5 25. Rxd7 Bc8 26. Re7 Bd6 27. Re4
Bxf5 28. Rxc4 Bh3 29. Rxf8+ Rxf8 30. Bf2 Be5 31. Rxc6 Rd8 32. Be3 Rf8 33. Bf2
Bd4 34. Nd1 h6 35. Rc4 Bf6 36. Ra4 Rd8 37. Ne3 Rd2 38. Be1 0-1

[Event "Cto España Primera"]
[Site "?"]
[Date "????.??.??"]
[Round "4.11"]
[White "Pons Morro, Pedro"]
[Black "Rodriguez Guerrero, Enrique"]
[Result "0-1"]
[WhiteElo "2209"]
[BlackElo "2485"]
[PlyCount "66"]
[SourceDate "2003.01.01"]

1. e4 c5 2. f4 d5 3. exd5 Nf6 4. Bb5+ Nbd7 5. c4 a6 6. Bxd7+ Bxd7 7. Nf3 e6 8.
Qe2 Be7 9. dxe6 Bxe6 10. O-O O-O 11. d3 Bf5 12. Rd1 Re8 13. Nc3 Bd6 14. Qf1 Qc7
15. Ne5 Bxe5 16. fxe5 Qxe5 17. Bf4 Qd4+ 18. Qf2 Rad8 19. Qxd4 Rxd4 20. Bg5 Ng4
21. h3 Ne5 22. Re1 f6 23. Be3 Rxd3 24. Bxc5 Rc8 25. Bf2 Rxc4 26. Rad1 Kf7 27.
Nd5 Be6 28. Ne3 Rcd4 29. a3 Bb3 30. Rxd3 Nxd3 31. Re2 Nf4 32. Re1 Rd2 33. Nf5
Ne6 0-1

[Event "Cto España Primera"]
[Site "?"]
[Date "????.??.??"]
[Round "4.12"]
[White "Cramling, Pia"]
[Black "Barcelo Pujadas, Pedro Jose"]
[Result "1-0"]
[WhiteElo "2470"]
[BlackElo "2202"]
[PlyCount "72"]
[SourceDate "2003.01.01"]

1. d4 d5 2. Nf3 Nf6 3. c4 dxc4 4. e3 e6 5. Bxc4 c5 6. Qe2 a6 7. dxc5 Bxc5 8.
O-O Nc6 9. a3 b5 10. Bd3 Bb7 11. Nbd2 O-O 12. b4 Bd6 13. Bb2 e5 14. Ne4 Nxe4
15. Bxe4 Qe7 16. Rac1 Rac8 17. Qd3 h6 18. Bd5 Kh8 19. e4 Rfd8 20. Rfd1 Bb8 21.
Qb3 Nd4 22. Bxd4 Bxd5 23. exd5 Rxc1 24. Rxc1 exd4 25. g3 Ba7 26. Re1 Qd6 27.
Re5 f6 28. Re6 Qxd5 29. Re8+ Kh7 30. Qd3+ f5 31. Rxd8 Qxd8 32. Qxf5+ Kh8 33.
Ne5 Qe8 34. h4 Bb8 35. Ng6+ Kg8 36. h5 Qd8 {Y las blancas ganaron en la 65
}
1-0

[Event "Cto España Primera"]
[Site "?"]
[Date "????.??.??"]
[Round "4.13"]
[White "Perez, Rodney"]
[Black "Cifuentes Parada, Roberto"]
[Result "1/2-1/2"]
[WhiteElo "2449"]
[BlackElo "2501"]
[PlyCount "95"]
[SourceDate "2003.01.01"]

1. e4 c5 2. Nf3 e6 3. Nc3 d6 4. d4 cxd4 5. Nxd4 Nf6 6. Be3 Nc6 7. Qd2 Be7 8. f3
O-O 9. O-O-O a6 10. Kb1 Nxd4 11. Bxd4 b5 12. g4 Nd7 13. h4 Qc7 14. g5 b4 15.
Na4 Bb7 16. b3 d5 17. Bb2 Rfd8 18. exd5 Bxd5 19. Qe3 Nc5 20. Nxc5 Bxc5 21. Bd4
Rdc8 22. Bxc5 Qxc5 23. Qxc5 Rxc5 24. Rh3 a5 25. f4 Rac8 26. Bd3 g6 27. h5 Kf8
28. Rd2 Ke7 29. Re2 Bc6 30. Kb2 Rd8 31. hxg6 hxg6 32. Rh7 Bb5 33. Bxb5 Rxb5 34.
Re4 Rbd5 35. Rh2 Rd1 36. a3 R8d4 37. Rhe2 Kd6 38. axb4 axb4 39. Rxd4+ Rxd4 40.
Rf2 Kc5 41. c3 Re4 42. Rf3 Re2+ 43. Kc1 Rh2 44. Kb1 Rg2 45. Kc1 Re2 46. Kb1 Kb5
47. Kc1 Rh2 48. Kb1 1/2-1/2

[Event "Cto España Primera"]
[Site "?"]
[Date "????.??.??"]
[Round "4.14"]
[White "Pablo Mari, Alejandro"]
[Black "Suarez Pouza, Diego"]
[Result "1/2-1/2"]
[WhiteElo "2413"]
[BlackElo "2383"]
[PlyCount "106"]
[SourceDate "2003.01.01"]

1. Nf3 Nf6 2. c4 e6 3. g3 d5 4. b3 Be7 5. Bb2 O-O 6. Bg2 c5 7. O-O Nc6 8. e3 d4
9. exd4 cxd4 10. Re1 Bc5 11. d3 Re8 12. a3 a5 13. Nbd2 e5 14. Ng5 h6 15. Nge4
Bf8 16. Nxf6+ Qxf6 17. Be4 Bh3 18. Qh5 Bd7 19. Bd5 g6 20. Ne4 Qg7 21. Qf3 Be7
22. Re2 Rf8 23. Rae1 Kh7 24. Qg2 f5 25. Nd2 Bf6 26. f4 exf4 27. gxf4 Bh4 28.
Rf1 Rae8 29. Nf3 Rxe2 30. Qxe2 Bf6 31. Qf2 Rd8 32. h4 Ne7 33. Ng5+ Bxg5 34.
hxg5 Nxd5 35. cxd5 Bb5 36. gxh6 Qf6 37. Bxd4 Qf7 38. Rc1 Qxd5 39. Rc7+ Rd7 40.
Rxd7+ Bxd7 41. Qe3 Qe6 42. Qxe6 Bxe6 43. Bg7 Bxb3 44. Kf2 b5 45. Ke3 b4 46.
axb4 axb4 47. Bf8 Be6 48. Bxb4 Kxh6 49. Bf8+ Kh7 50. Kd4 Kg8 51. Ke5 Bc8 52.
Bh6 Kf7 53. Kd6 Ke8 1/2-1/2

[Event "Cto España Primera"]
[Site "?"]
[Date "????.??.??"]
[Round "4.15"]
[White "Paredes Galan, Angel"]
[Black "Pomes Marcet, Juan"]
[Result "0-1"]
[WhiteElo "2321"]
[BlackElo "2379"]
[PlyCount "106"]
[SourceDate "2003.01.01"]

1. e4 e6 2. d4 d5 3. Nc3 Bb4 4. e5 Qd7 5. a3 Bxc3+ 6. bxc3 b6 7. Qg4 f5 8. Qg3
Nc6 9. Nh3 Bb7 10. Nf4 O-O-O 11. Bb5 a6 12. Bd3 Na5 13. O-O Nc4 14. Rb1 a5 15.
Rd1 Qf7 16. Bxc4 dxc4 17. d5 Bxd5 18. Nxd5 Rxd5 19. Rxd5 exd5 20. Bf4 Qg6 21.
Qxg6 hxg6 22. Rb5 Ne7 23. Bg5 Kd7 24. Bxe7 Kxe7 25. Rxd5 g5 26. g3 g4 27. Rd4
Ke6 28. Rxc4 c5 29. f3 gxf3 30. Rf4 Rd8 31. Rxf3 Rd1+ 32. Kg2 Rc1 33. Rd3 Rxc2+
34. Kf3 Kxe5 35. h4 c4 36. Re3+ Kf6 37. g4 fxg4+ 38. Kxg4 b5 39. Rf3+ Ke6 40.
Re3+ Kd6 41. Kf5 Rf2+ 42. Kg6 Rg2+ 43. Kf5 Rf2+ 44. Kg6 Rd2 45. Kxg7 Rd3 46.
Re1 Rxc3 47. h5 Rg3+ 48. Kf6 Rxa3 49. Rh1 Rf3+ 50. Kg7 Re3 51. h6 c3 52. Kf8 c2
53. h7 Rc3 0-1

[Event "Cto España Primera"]
[Site "?"]
[Date "????.??.??"]
[Round "4.16"]
[White "Gonzalez Lopez, Antonio"]
[Black "Corona Garcia, Tomas"]
[Result "1/2-1/2"]
[WhiteElo "2152"]
[BlackElo "2205"]
[PlyCount "103"]
[SourceDate "2003.01.01"]

1. d4 d6 2. Nf3 f5 3. Bf4 Nf6 4. h3 g6 5. e3 Bg7 6. Bc4 e6 7. O-O O-O 8. Bh2
Qe7 9. Nbd2 Kh8 10. Re1 Nbd7 11. e4 fxe4 12. Nxe4 Nxe4 13. Rxe4 d5 14. Bxd5 Nf6
15. c4 c6 16. Bxc6 bxc6 17. Re1 Nh5 18. Qd2 Qf6 19. Bd6 Ba6 20. Bxf8 Rxf8 21.
Qb4 Nf4 22. Re3 Bh6 23. Ra3 Bc8 24. Re1 Qf5 25. Qe7 a6 26. Rb3 Qc2 27. Rb8 Qxc4
28. Ne5 Qd5 29. f3 Qxd4+ 30. Kh1 Qd2 31. Rg1 Nd3 32. Nxd3 Qxd3 33. Ra8 Qd8 34.
Qc5 Qd5 35. Qe7 Qd8 36. Qc5 Qe8 37. Re1 Bg7 38. b3 h6 39. Qa7 Qd8 40. Qb8 Qd2
41. Qg3 Kh7 42. Re4 Rd8 43. Qc7 Qc1+ 44. Kh2 Rd7 45. Qxc8 Be5+ 46. Rxe5 Qf4+
47. Kg1 Rd1+ 48. Kf2 Qh4+ 49. g3 Qd4+ 50. Re3 Rd2+ 51. Kf1 Rd1+ 52. Kf2 1/2-1/2

[Event "Cto España Primera"]
[Site "?"]
[Date "????.??.??"]
[Round "4.19"]
[White "Mate Adan, Jose"]
[Black "Ramo Frontiñan, Cristobal"]
[Result "1/2-1/2"]
[WhiteElo "2188"]
[BlackElo "2317"]
[PlyCount "42"]
[SourceDate "2003.01.01"]

1. d4 d6 2. Nf3 g6 3. c4 Bg7 4. Nc3 Nd7 5. e4 e5 6. Be2 Ngf6 7. d5 O-O 8. Bg5
h6 9. Bh4 a5 10. Nd2 Nc5 11. O-O Bd7 12. Kh1 c6 13. b3 Qb8 14. a3 cxd5 15. Bxf6
Bxf6 16. Nxd5 Bg7 17. Nb6 Ra6 18. Nxd7 Nxd7 19. c5 Ra8 20. cxd6 Qxd6 21. Bc4
Nb6 1/2-1/2

[Event "Cto España Primera"]
[Site "?"]
[Date "????.??.??"]
[Round "4.20"]
[White "Fernandez Lopez, Felix"]
[Black "Rodriguez Amezqueta, Carlos"]
[Result "1-0"]
[WhiteElo "2290"]
[BlackElo "2056"]
[PlyCount "61"]
[SourceDate "2003.01.01"]

1. c4 f5 2. g3 Nf6 3. Bg2 g6 4. Nc3 Bg7 5. d3 e5 6. Rb1 a5 7. a3 Nc6 8. e3 O-O
9. Nge2 d6 10. O-O Ne7 11. f4 c6 12. Kh1 Be6 13. b3 Qb8 14. Qd2 Rd8 15. Bb2 h5
16. a4 Qa7 17. d4 exd4 18. Nxd4 Bf7 19. Ba3 Bf8 20. Rfe1 d5 21. cxd5 Nexd5 22.
Nxd5 Bxa3 23. Nxf6+ Kg7 24. Qc3 Bb4 25. Qa1 Rxd4 26. exd4 Bxe1 27. Rxe1 Kh6 28.
Re7 Kg7 29. d5 Kf8 30. d6 Rd8 31. Qe5 1-0

[Event "Cto España Primera"]
[Site "?"]
[Date "????.??.??"]
[Round "4.21"]
[White "De la Riva Aguado, Oscar"]
[Black "Casares Cabanas, Carlos"]
[Result "1-0"]
[WhiteElo "2549"]
[BlackElo "2177"]
[PlyCount "57"]
[SourceDate "2003.01.01"]

1. e4 c5 2. Nf3 d6 3. d4 cxd4 4. Nxd4 Nf6 5. Nc3 a6 6. Be3 e6 7. Qd2 b5 8. f3
Nbd7 9. O-O-O Bb7 10. g4 h6 11. Bd3 Rc8 12. Rhe1 Ne5 13. Kb1 Nc4 14. Bxc4 Rxc4
15. h4 Nd7 16. g5 hxg5 17. Bxg5 Qc7 18. Nd5 exd5 19. exd5+ Ne5 20. f4 f6 21. b3
Rxd4 22. Qxd4 Kf7 23. fxe5 dxe5 24. Qf2 Bd6 25. Rg1 Bc5 26. Be3 Bxe3 27. Qxe3
Rxh4 28. Rxg7+ Kxg7 29. Qg3+ 1-0

[Event "Cto España Primera"]
[Site "?"]
[Date "????.??.??"]
[Round "4.22"]
[White "Torrado Quintela, Julio"]
[Black "Oms Pallisse, Jose"]
[Result "0-1"]
[WhiteElo "2107"]
[BlackElo "2498"]
[PlyCount "40"]
[SourceDate "2003.01.01"]

1. e4 c5 2. d3 Nc6 3. g3 d5 4. Nd2 Nf6 5. Bg2 e6 6. c3 dxe4 7. Nxe4 Be7 8. Be3
Qa5 9. f4 O-O 10. Nf3 Rd8 11. Qc2 Nd4 12. Bxd4 cxd4 13. O-O dxc3 14. bxc3 Nxe4
15. dxe4 Bd7 16. Rab1 b6 17. Ne5 Ba4 18. Qb2 Rac8 19. c4 Rd2 20. Qa1 Bc5+ 0-1

[Event "Cto España Primera"]
[Site "?"]
[Date "????.??.??"]
[Round "4.23"]
[White "Simonet Pons, Marc"]
[Black "Gomez Lopez, Roberto"]
[Result "0-1"]
[WhiteElo "2334"]
[BlackElo "2094"]
[PlyCount "83"]
[SourceDate "2003.01.01"]

1. c4 Nf6 2. g3 g6 3. Bg2 Bg7 4. Nc3 O-O 5. d3 d6 6. e4 c6 7. Nge2 Na6 8. O-O
Nc7 9. h3 e5 10. g4 h5 11. g5 Nh7 12. h4 f6 13. f4 exf4 14. Nxf4 fxg5 15. hxg5
Bd4+ 16. Kh1 Qxg5 17. Qe1 Bg4 18. Nce2 Bxe2 19. Nxe2 Be3 20. Bxe3 Qxe3 21. Nf4
Qxe1 22. Raxe1 Rf6 23. c5 g5 24. cxd6 Rxd6 25. e5 Rd4 26. Ne2 Rh4+ 27. Kg1 Ne6
28. Ng3 Rf8 29. Nf5 Rf4 30. Rxf4 Nxf4 31. Be4 g4 32. Nd6 Ng5 33. Re3 h4 34. Nf5
Nxe4 35. dxe4 Ng6 36. Nh6+ Kg7 37. Nxg4 Rf4 38. Nf2 Nxe5 39. Nd3 Rg4+ 40. Kh2
Kf6 41. Nf2 Rf4 42. Kg2 0-1

[Event "Cto España Primera"]
[Site "?"]
[Date "????.??.??"]
[Round "4.27"]
[White "izeta Txabarri, Felix"]
[Black "Damaso, Rui"]
[Result "1/2-1/2"]
[WhiteElo "2463"]
[BlackElo "2460"]
[PlyCount "48"]
[SourceDate "2003.01.01"]

1. d4 Nf6 2. Nf3 g6 3. Nc3 d5 4. Bf4 Bg7 5. e3 O-O 6. Be2 c5 7. dxc5 Nbd7 8.
O-O Nxc5 9. Be5 Bg4 10. h3 Bxf3 11. Bxf3 e6 12. Qe2 Nfd7 13. Bxg7 Kxg7 14. Qd2
Qf6 15. b4 Na6 16. Nb5 Ne5 17. Be2 Nc4 18. Bxc4 dxc4 19. Qe2 Qe5 20. Qxc4 Rac8
21. Qe2 Nc7 22. c4 Nxb5 23. cxb5 Qc3 24. Rfd1 b6 1/2-1/2

[Event "Cto España Primera"]
[Site "?"]
[Date "????.??.??"]
[Round "4.28"]
[White "Visier Segovia, Fernando"]
[Black "Gallego Eraso, Francisco"]
[Result "1/2-1/2"]
[WhiteElo "2265"]
[BlackElo "2373"]
[PlyCount "55"]
[SourceDate "2003.01.01"]

1. Nf3 Nf6 2. c4 e6 3. g3 b6 4. Bg2 Bb7 5. O-O c5 6. b3 Be7 7. Bb2 O-O 8. Nc3
d5 9. e3 dxc4 10. bxc4 Nc6 11. d3 Qc7 12. Qe2 Rac8 13. Rfd1 Qb8 14. Ne1 Nb4 15.
Bxb7 Qxb7 16. f4 Nd7 17. Nf3 Rfd8 18. a3 Nc6 19. g4 a6 20. Rab1 Rb8 21. g5 b5
22. Ba1 Na7 23. Ne4 Qa8 24. Ne5 bxc4 25. Rxb8 Qxb8 26. Nxc4 Nc6 27. Qb2 Qxb2
28. Bxb2 1/2-1/2

[Event "Cto España Primera"]
[Site "?"]
[Date "????.??.??"]
[Round "4.30"]
[White "Spitzer Isbert, Ramon"]
[Black "Alonso Martinez, Tomas"]
[Result "0-1"]
[WhiteElo "2129"]
[BlackElo "2165"]
[PlyCount "106"]
[SourceDate "2003.01.01"]

1. Nf3 c5 2. e4 g6 3. d4 cxd4 4. Qxd4 Nf6 5. e5 Nc6 6. Qc4 d5 7. exd6 Qxd6 8.
Ng5 e6 9. Be3 Nd5 10. Ne4 Qb4+ 11. Nbc3 Qxc4 12. Bxc4 Nxe3 13. fxe3 Be7 14.
O-O-O O-O 15. h4 Ne5 16. Be2 h5 17. g4 hxg4 18. Rdg1 Bd7 19. Ng5 Bc6 20. Rh2
Bxg5 21. hxg5 Nf3 22. Bxf3 Bxf3 23. Nd1 Rad8 24. Nf2 f5 25. gxf6 Rxf6 26. b3
Kg7 27. Nxg4 Rf5 28. Nf2 e5 29. Rh4 Rh5 30. Rc4 Rd7 31. Nd3 Be2 32. Rc3 Bxd3
33. cxd3 Rh2 34. Kb1 Re2 35. e4 Re3 36. Kc2 Re2+ 37. Kb1 Rf2 38. a4 Kf6 39. a5
Rf3 40. Kc2 Rf2+ 41. Kb1 a6 42. Rh1 g5 43. Rh6+ Kg7 44. Rh5 Kg6 45. Rh3 g4 46.
Rg3 Kg5 47. Rc8 Kf4 48. Rg1 Rf7 49. Rg8 Ke3 50. R8xg4 Kxd3 51. R1g3+ Kd4 52.
Rh3 Re2 53. Rh6 Rf1# 0-1

[Event "Cto España Primera"]
[Site "www.ajedrez21.com"]
[Date "2003.11.22"]
[Round "6.5"]
[White "Khamrakhulov(MAGIC)"]
[Black "Conquest(OBERENA)"]
[Result "0-1"]
[WhiteElo "2464"]
[BlackElo "2545"]
[PlyCount "84"]
[EventDate "2003.??.??"]
[SourceDate "2003.01.01"]

1. e4 e5 2. Nf3 Nc6 3. d4 exd4 4. Nxd4 Bc5 5. Nb3 Bb4+ 6. Bd2 a5 7. a3 Be7 8.
Bc3 Nf6 9. e5 Ne4 10. Qg4 Ng5 11. Qa4 d5 12. Nxa5 Bd7 13. Nxc6 bxc6 14. Qd4 O-O
15. Bd3 f5 16. f4 Ne6 17. Qf2 c5 18. Qf3 c4 19. Be2 c6 20. Bd2 Qb6 21. Qc3 Bc5
22. Ra2 Rab8 23. Qg3 Qa7 24. Nc3 Rb7 25. h4 Rfb8 26. Bc1 Bd4 27. Nd1 Bc5 28.
Nc3 Qa5 29. Kf1 Kh8 30. h5 h6 31. Rh3 d4 32. Nd1 Qa4 33. b3 cxb3 34. cxb3 Rxb3
35. Nb2 Rxg3 36. Nxa4 Rxh3 37. gxh3 Rb1 38. Rc2 Bxa3 39. Nb2 Bxb2 40. Rxb2
Rxc1+ 41. Kf2 Nxf4 42. Rb8+ Kh7 0-1

[Event "Cto España Primera"]
[Site "www.ajedrez21.com"]
[Date "2003.11.22"]
[Round "6.6"]
[White "de la Villa(OBERENA)"]
[Black "Candelario(MAGIC)"]
[Result "0-1"]
[WhiteElo "2477"]
[BlackElo "2463"]
[PlyCount "112"]
[EventDate "2003.??.??"]
[SourceDate "2003.01.01"]

1. e4 c5 2. Nf3 e6 3. c4 d6 4. d4 cxd4 5. Nxd4 a6 6. Nc3 Nf6 7. Be2 b6 8. Bf3
Ra7 9. Qa4+ Bd7 10. Qb3 Nc6 11. Nxc6 Bxc6 12. e5 Bxf3 13. exf6 Bc6 14. Be3 Rd7
15. O-O-O gxf6 16. Bxb6 Qb8 17. Rhe1 Be7 18. c5 dxc5 19. Rxd7 Bxd7 20. Ne4 O-O
21. Bxc5 Qxb3 22. axb3 Rc8 23. b4 Bb5 24. Kd2 Bxc5 25. Nxc5 Rd8+ 26. Kc3 Rd6
27. Ne4 Rc6+ 28. Kd2 f5 29. Nc5 Rd6+ 30. Ke3 Rd5 31. Ra1 Re5+ 32. Kd4 Rd5+ 33.
Ke3 Rd6 34. f4 Kg7 35. g3 Kg6 36. Ra3 f6 37. Nb7 Rb6 38. Nc5 e5 39. Ra1 Rd6 40.
b3 h5 41. h4 Rd4 42. fxe5 fxe5 43. Nxa6 Rd3+ 44. Kf2 Rd2+ 45. Kg1 e4 46. Nc7
Be2 47. Kf2 Bg4+ 48. Ke3 Rd3+ 49. Kf4 e3 50. b5 e2 51. Re1 Rd1 52. Rxe2 Bxe2
53. b6 Rd6 54. Ke5 Rxb6 55. Nd5 Rb5 56. Ke6 Rxb3 0-1

[Event "Cto España Primera"]
[Site "www.ajedrez21.com"]
[Date "2003.11.22"]
[Round "6.7"]
[White "Carrasco(MAGIC)"]
[Black "Sion(OBERENA)"]
[Result "*"]
[WhiteElo "2370"]
[BlackElo "2390"]
[PlyCount "83"]
[EventDate "2003.??.??"]
[SourceDate "2003.01.01"]

1. d4 Nf6 2. Nf3 g6 3. Bf4 Bg7 4. e3 O-O 5. h3 d6 6. Be2 c5 7. c3 b6 8. O-O Bb7
9. a4 a6 10. Bh2 Nbd7 11. Nbd2 Qc7 12. Qb3 Bc6 13. Qa3 Rfc8 14. Rfc1 Bb7 15. b4
cxd4 16. cxd4 Qd8 17. Bc4 b5 18. Bf1 bxa4 19. Qxa4 Rxc1 20. Rxc1 Rc8 21. Ra1
Nd5 22. Bxa6 Bxa6 23. Qxa6 Nxb4 24. Qa4 Nd5 25. Qb3 N7f6 26. Bg3 h6 27. e4 Nc3
28. Re1 d5 29. exd5 Nfxd5 30. Kh2 Qe8 31. Be5 Qb5 32. Qxb5 Nxb5 33. Rb1 Nbc3
34. Rb7 f6 35. Bg3 Kf7 36. Bd6 Rc6 37. Bg3 h5 38. Rd7 Nb6 39. Rb7 Nbd5 40. Rd7
Nb6 41. Rb7 Nbd5 42. Rd7 *

[Event "Cto España Primera"]
[Site "www.ajedrez21.com"]
[Date "2003.11.22"]
[Round "6.8"]
[White "Navarro(OBERENA)"]
[Black "Andrada(MAGIC)"]
[Result "0-1"]
[WhiteElo "2337"]
[BlackElo "2296"]
[PlyCount "154"]
[EventDate "2003.??.??"]
[SourceDate "2003.01.01"]

1. e4 g6 2. d4 Bg7 3. Nc3 c6 4. Nf3 d6 5. Be3 Nd7 6. Qd2 b5 7. Bd3 Bb7 8. O-O
Qc7 9. a4 b4 10. Ne2 c5 11. c3 c4 12. Bb1 Ngf6 13. Ng3 bxc3 14. bxc3 Ng4 15.
Bg5 h6 16. Bh4 Ngf6 17. Re1 e5 18. Bxf6 Nxf6 19. d5 a5 20. Nf1 O-O 21. Bc2 Ba6
22. Rab1 Nd7 23. Ne3 Rfc8 24. Rec1 h5 25. g4 Nf6 26. g5 Nd7 27. Qe2 Nc5 28. Nd2
Qd8 29. h4 f6 30. Nf3 fxg5 31. hxg5 Nd3 32. Bxd3 cxd3 33. Qd2 Qd7 34. Nh4 Kh7
35. c4 Rf8 36. Qxd3 Qe7 37. Neg2 Qxg5 38. Qg3 Bh6 39. Rc3 Qxg3 40. Rxg3 Rf6 41.
Rb6 Bg7 42. Rc3 Ra7 43. Rc6 Ra8 44. Rb3 Bc8 45. Rc7 Kg8 46. Ne3 Bh6 47. Nhg2
Rf7 48. Rc6 Bf8 49. Rcb6 Rc7 50. f4 exf4 51. Nxf4 Bh6 52. Nfg2 Bf8 53. Nh4 Kh7
54. Nf3 Kh6 55. Rb8 Rxb8 56. Rxb8 Bg7 57. Rb6 Rf7 58. Kg2 Bg4 59. Nxg4+ hxg4
60. Nd2 Bd4 61. Rxd6 Rf2+ 62. Kg3 Rxd2 63. Kxg4 Rg2+ 64. Kh3 Re2 65. Re6 Kh5
66. d6 g5 67. d7 g4+ 68. Kg3 Bf2+ 69. Kf4 Be3+ 70. Ke5 Rd2 71. Re7 g3 72. Rh7+
Kg4 73. Rh1 g2 74. Ra1 Rxd7 75. Ke6 Rc7 76. e5 Rxc4 77. Kd5 Rc1 0-1